000 00259nam a2200109Ia 4500
008 220204s9999 xx 000 0 und d
082 _a82-3
_bCLA
100 _aArthur C
245 0 _aCity and the stars
260 _aLondon
_bVictor Gollancz
_c1976
942 _cBK
999 _c24832
_d24832